000 00328nam a2200133Ia 4500
008 210210b1944 xxu||||| |||| 00| 0 eng d
041 _aeng
082 _a822/990
100 _aQUILLER-COUCH (A)
245 _aCambridge lectures
260 _aLondon
_bJ M Dent and Sons Ltd.
_c1944
690 _aEnglish Prose
906 _a013173
999 _c132021
_d132021